[Event "Magnus Carlsen Invitational 2020"]
[Site "magnuscarlsen.com"]
[Date "2020.04.20"]
[Round "2.3"]
[White "Carlsen, Magnus"]
[Black "Firouzja, Alireza"]
[Result "1-0"]
[WhiteElo "2881"]
[BlackElo "2703"]
[Annotator "TA"]
[PlyCount "115"]
[EventDate "2020.04.18"]
[EventType "tourn"]
[EventCountry "NOR"]
[SourceTitle "playchess.com"]
[Source "ChessBase"]
[SourceQuality "1"]

{[%evp 9,115,6,20,7,21,29,35,29,33,7,0,0,21,7,18,14,17,14,41,30,30,35,33,41,36,
32,38,32,23,37,28,21,43,0,23,18,17,8,20,20,83,0,0,0,79,70,70,66,117,-72,142,
135,142,151,150,135,155,145,177,178,179,178,259,209,191,215,224,214,235,210,
205,207,265,254,229,116,160,160,156,154,190,193,260,252,270,268,309,237,262,
231,309,296,306,300,289,299,281,282,579,593,29979,29975,29987,29988,29988,
29989,29989,29990]} 1. d4 Nf6 2. c4 e6 3. Nf3 d5 4. Nc3 Bb4 5. cxd5 exd5 6. Bf4
{D38: Queen's Gambit Declined: Ragozin Defence (4 Nf3 Bb4).} O-O 7. e3 Bf5 8.
Qb3 {White is slightly better.} Nc6 {[#]} 9. Nh4 $146 ({Predecessor:} 9. Bg5 a5
10. Bxf6 Qxf6 11. a3 a4 12. Qxd5 Bxc3+ 13. bxc3 Na5 14. Qe5 Qc6 15. c4 {
1-0 (61) Caruana,F (2822)-Anand,V (2758) Wijk aan Zee 2020}) 9... Be6 10. Bd3
a5 {Hoping for ...Ne4.} 11. O-O Nh5 12. Bg3 $1 Nxg3 13. hxg3 Be7 14. Nf3 Nb4
15. Be2 c5 16. a3 c4 17. Qd1 Na6 18. b3 Nc7 19. bxc4 dxc4 20. a4 Bb4 21. Qc2 (
21. Rc1 {is more complex.} Rc8 22. e4 Na8 23. d5 Bd7 24. Na2) 21... Bxc3 (21...
Rc8 {with more complications.} 22. e4 Re8 23. Rfd1 Na8 24. Ne5 Nb6) 22. Qxc3
Nd5 $1 {[%cal Rd5c3]} 23. Qa3 Rc8 $1 24. Rfc1 Nb4 (24... c3 $11) 25. Rc3 Nd5 $1
{[%cal Rd5c3]} 26. Rcc1 Nb4 27. Ne5 {[%cal Re2c4]} c3 $1 28. Nd3 $1 $36 {
[%cal Rd3b4][%mdl 2048] White has the initiative.} ({Of course not} 28. Rxc3
Nc2 $11) 28... Qb6 (28... Nd5 $14) 29. Rab1 $2 (29. Nc5 $1 $16 {is necessary
to keep the advantage.}) 29... Bf5 $2 (29... c2 $17 {and life is bright.} 30.
Rxb4 axb4 31. Nxb4 Qa5) 30. Rb3 $1 $16 Bxd3 31. Bxd3 {[%mdl 64] Pin} c2 {[#]}
32. Rxc2 $1 {[%mdl 512]} Rxc2 (32... Nxc2 33. Qxf8+) 33. Bxc2 {[%mdl 64] Pin}
Qc6 {[#]} 34. Bf5 $1 Qd5 {[#]} 35. Bg4 $1 Nc2 (35... g6 $142 36. Rc3 b6) 36.
Qb2 Nb4 37. Rc3 b6 38. Be2 Qf5 39. Rc1 g6 40. Bb5 Rc8 41. Rxc8+ Qxc8 42. Qd2 (
42. e4 $18) 42... Qf5 43. f3 Qg5 44. Kf2 Nd5 45. Qd3 h5 (45... Nb4 {was
necessary.} 46. Qe4 Kg7) 46. e4 $18 Nb4 47. Qe3 Qf6 {intending ...Nc2.} 48. Qc3
Kh7 49. f4 Qe6 50. Qc4 Qxe4 51. Qxf7+ Kh6 52. Qf6 {[%cal Rf6h8]} Kh7 {If only
Black now had time for ...Nc2....} 53. Qe5 ({Not} 53. Qxb6 Nd5 $11) 53... Qc2+
$2 (53... Qb1 {might work better.} 54. Qc7+ Kh6) 54. Kg1 Qd2 55. Kh2 {White
mates.} Nc2 56. Qe7+ Kh6 57. Qf8+ Kh7 58. Bc4 {Accuracy: White = 83%, Black =
59%.} 1-0

[Event "Magnus Carlsen Invitational 2020"]
[Site "magnuscarlsen.com"]
[Date "2020.04.21"]
[Round "2.3"]
[White "Ding, Liren"]
[Black "Caruana, Fabiano"]
[Result "1-0"]
[WhiteElo "2836"]
[BlackElo "2773"]
[Annotator "TA"]
[PlyCount "87"]
[EventDate "2020.04.18"]
[EventType "tourn"]
[EventCountry "NOR"]
[SourceTitle "playchess.com"]
[Source "ChessBase"]
[SourceQuality "1"]

{[%evp 16,87,20,8,28,28,34,0,0,0,0,0,0,0,17,0,18,13,28,-14,-22,-29,-19,-9,64,0,
0,0,0,0,0,0,16,-72,166,187,187,170,177,192,225,218,338,270,510,483,641,632,
1031,956,957,949,929,927,952,1387,1310,1281,6586,3070,29985,2903,29990,29991,
29991,29992,29992,29992,29992,29988,29988,29989,29989,29990]} 1. Nf3 d5 2. g3
g6 3. Bg2 Bg7 4. d4 Nf6 5. c4 c6 6. cxd5 cxd5 7. Nc3 O-O 8. Ne5 e6 9. Bg5 h6 {
D73: Fianchetto Grünfeld: 5 Nf3 .} 10. Bf4 Nfd7 11. O-O (11. Nd3 {is
interesting.} Nc6 12. e3 Nb6 13. g4 Nc4 14. Rc1) 11... Nxe5 {The position is
equal.} 12. Bxe5 (12. dxe5 Nc6 $15) 12... Bxe5 13. dxe5 Nc6 14. Qd2 Kg7 {[#]}
15. Rad1 $5 $146 {[%mdl 8] An interesting novelty.} ({Predecessor:} 15. f4 b6
16. Nb5 Ba6 17. Nd6 Ne7 18. Rfc1 Nc8 19. Rc6 Nxd6 20. Rxd6 Qe7 21. e4 {1/2-1/2
(54) Ding,L (2777)-Korobov,A (2652) Huaian 2017}) 15... b6 16. f4 Ba6 17. Rf3
Rc8 18. g4 Qh4 19. Rg3 h5 (19... Rfd8 $11) 20. g5 (20. gxh5 $14 Ne7 21. Rh3)
20... Rfd8 21. Rh3 Qg4 {Black wants to play ...d4.} 22. Rg3 Qh4 23. Rf1 Ne7 {
Strongly threatening ...Nf5.} 24. f5 (24. Nd1 $11 {remains equal.}) 24... gxf5
$2 {Loses the game.} (24... Nxf5 $17 25. Rf4 d4) 25. Rf4 $36 {[%mdl 2048]
White has strong initiative.} d4 26. Nb1 ({Inferior is} 26. Rxh4 dxc3 27. Qxd8
Rxd8 $11) 26... Qxf4 27. Qxf4 {Black must now prevent Qd2.} Ng6 28. Qd2 Nxe5 (
28... Bxe2 $142 29. Qxe2 Rc1+ 30. Kf2 d3 {[%mdl 64] Decoy} 31. Rxd3 (31. Qxh5
Rxb1 32. Qh6+ Kg8 $17) 31... Nf4 32. Rxd8 Nxe2 33. Kxe2 Rxb1) 29. Ra3 Bb5 $2 (
29... Nc4 {was worth a try.} 30. Qf4 Nxa3 31. Nxa3 Kg8) 30. Rxa7 Ng4 31. Na3
Bxe2 {intending ...d3.} 32. h3 ({Less strong is} 32. Qxe2 Rc1+ 33. Bf1 Ne3 $16)
32... d3 33. hxg4 hxg4 34. Nb1 e5 35. Qe3 Rc5 36. Nd2 Rd4 37. Qg3 Rc1+ 38. Kh2
(38. Bf1 $142 Rd8 39. Qxe5+ {[%mdl 64] Double Attack} Kg8 40. g6 Rf8 41. g7
Rcc8 42. gxf8=B Rxf8 43. Qxf5) 38... f4 39. Qh4 {White mates.} g3+ 40. Kh3 Rd6
{[#]} 41. Bd5 $1 Re6 {[#]} (41... Rxd5 42. Qh6+) 42. Rxf7+ $1 {[%mdl 64]
Deflection} Kxf7 43. Qh7+ Kf8 44. Qf5+ {Accuracy: White = 70%, Black = 53%.}
1-0

[Event "Magnus Carlsen Invitational 2020"]
[Site "magnuscarlsen.com"]
[Date "2020.04.20"]
[Round "2.3"]
[White "Nakamura, Hikaru"]
[Black "Giri, Anish"]
[Result "1/2-1/2"]
[WhiteElo "2829"]
[BlackElo "2731"]
[Annotator "TA"]
[PlyCount "81"]
[EventDate "2020.04.18"]
[EventType "tourn"]
[EventCountry "NOR"]
[SourceTitle "playchess.com"]
[Source "ChessBase"]
[SourceQuality "1"]

{[%evp 13,81,23,23,17,18,18,13,14,38,2,6,3,6,-7,12,0,0,-13,0,-19,6,-8,-21,-25,
-14,-20,-22,-19,-21,-58,-52,-52,-29,-30,-15,-15,0,0,0,-15,0,-15,-8,-15,-8,-15,
-16,-15,-9,-15,-15,-18,-15,-29,0,0,0,-18,8,8,8,8,8,8,8,8,8,8,8,8]} 1. d4 d5 2.
c4 c6 3. cxd5 cxd5 4. Bf4 Nc6 5. e3 Nf6 6. Nc3 Bf5 7. Qb3 Na5 8. Qa4+ {D10:
Slav Defence: 3 cxd5 (without early Nf3) and 3 Nc3.} Bd7 9. Qc2 e6 10. Bd3 Bb4
{Recently 10...Be7 got a lot of attention.} 11. Nge2 O-O 12. O-O Rc8 {[#]} 13.
Rac1 $146 ({Predecessor:} 13. h3 a6 14. Rfc1 b5 15. Qd1 Be7 16. a4 b4 17. Nb1
Rxc1 18. Nxc1 Qb6 19. Nd2 {1-0 (54) Xiang,Z (2436)-Rieger,R (2283) Lienz 2019})
13... h6 14. h3 b5 15. Qb1 Nc4 {...Nd2 is the strong threat.} 16. Rfd1 Qa5 17.
Be5 Be7 18. Bxc4 Rxc4 19. Bxf6 Bxf6 20. Nf4 Rfc8 21. Nd3 b4 22. Ne2 Rxc1 23.
Nexc1 Ba4 24. Nb3 Bxb3 25. axb3 Qb5 26. Rd2 Rc6 27. Qd1 Be7 28. Rc2 Bd6 29. Qc1
Rxc2 30. Qxc2 g6 31. g4 Kg7 32. Kg2 Qb7 33. f4 a5 34. h4 {The position is
equal.} Qc7 35. Qf2 f5 36. g5 h5 37. Qe2 Kf7 38. Qd2 Ke7 39. Ne1 Qc6 40. Qd1
Kd7 41. Nd3 {Accuracy: White = 93%, Black = 90%.} 1/2-1/2

[Event "Magnus Carlsen Invitational 2020"]
[Site "magnuscarlsen.com"]
[Date "2020.04.21"]
[Round "2.3"]
[White "Nepomniachtchi, Ian"]
[Black "Vachier-Lagrave, Maxime"]
[Result "1/2-1/2"]
[WhiteElo "2778"]
[BlackElo "2860"]
[Annotator "TA"]
[PlyCount "116"]
[EventDate "2020.04.18"]
[EventType "tourn"]
[EventCountry "NOR"]
[SourceTitle "playchess.com"]
[Source "ChessBase"]
[SourceQuality "1"]

{[%evp 17,116,-12,3,-33,-30,-40,-31,-43,-46,-36,-21,-27,0,-18,28,-22,0,-2,-2,
-2,-4,-4,-2,-43,-44,-40,-42,-34,-36,-43,-34,-77,-31,-27,-30,-38,-16,-29,0,-14,
-14,-10,-23,-15,-15,-18,-12,-31,-34,-74,-72,-72,0,0,0,0,0,0,0,0,29,0,0,0,0,0,0,
0,0,0,0,0,0,0,0,0,0,0,0,0,0,0,368,194,1029,915,1034,955,849,0,0,0,0,0,0,0,0,0,
0,0,0]} 1. e4 c5 2. Nc3 Nc6 3. g3 g6 4. Bg2 Bg7 5. Nge2 d6 6. O-O e6 7. d3 Nge7
8. Be3 Nd4 9. Qd2 O-O 10. h3 {B26: Closed Sicilian: 3 g3, lines with early Be3.
} Bd7 {[#]} 11. Kh2 $146 ({Predecessor:} 11. Nc1 Bc6 12. Nd1 e5 13. f4 f5 14.
c3 Ne6 15. c4 Qd7 16. Nc3 exf4 17. gxf4 {1-0 (60) Sindarov,J (2383)-Tillyaev,U
(2310) Batumi 2017}) 11... Bc6 12. a4 {[%cal Ba2a4,Ba4a5][%mdl 32] Black is
slightly better.} d5 13. Bg5 Nxe2 14. Qxe2 d4 15. Nb1 Qd7 16. a5 (16. Bxe7 $5
Qxe7 17. e5 $11) 16... e5 17. Na3 Nc8 18. Nc4 Nd6 19. Nxd6 Qxd6 20. Qd2 f5 21.
exf5 Bxg2 22. Kxg2 gxf5 23. Rae1 Rae8 {[%cal Ba8e8,Be8e6,Be6c6,Bc6c5][%mdl 32]}
24. Qd1 Qg6 25. Bd2 e4 26. Bf4 Re6 27. Qd2 Rfe8 28. b4 Rc6 29. bxc5 Rxc5 30.
Qb4 Qc6 31. Kg1 Rxc2 32. Rc1 {Strongly threatening Qb3+.} Rc3 {And now ...e3
would win.} 33. Rxc3 dxc3 ({Don't play} 33... Qxc3 34. Qxb7 Qxa5 35. Qd7 $11)
34. d4 Qd5 (34... Rd8 $17 35. Be3 Bf6 36. Qb3+ Kg7) 35. Qxc3 $11 Bxd4 36. Qd2
$36 {[%mdl 2048] White has some pressure.} Rd8 37. Be3 Bf6 38. Qb4 a6 39. Rb1
Rd7 40. Rc1 Kf7 41. Kh2 Qb5 42. Qa3 Be7 43. Qc3 {Qh8 is the strong threat.} Bf6
44. Qc8 {Threatens to win with Rc5.} Qd5 $1 45. Rc5 Qe6 $1 46. Qb8 Be7 47. Rc1
Kg7 48. Rb1 {Black must now prevent Rb6.} Bd6 49. Qc8 Qf7 $2 {[%mdl 8192]} (
49... Bxg3+ $11 {and Black is okay.} 50. Kxg3 f4+ {[%mdl 64] Double Attack} 51.
Kg2 fxe3 52. Rxb7 Qg6+ 53. Kh1 Rf7 54. fxe3 Rxb7 55. Qxb7+ Kh6) 50. Rb6 (50.
Bd4+ $142 Kg6 51. Rb6) 50... f4 $2 (50... Qe7 51. Kg2 h6 52. Bd4+ Kf7) 51. Bd4+
$18 Kh6 52. g4 Kg5 {[#]} 53. Qh8 $2 ({Only move:} 53. h4+ $1 $18 {[%mdl 512]}
Kxh4 {[#]} 54. Bf6+ $1 {[%mdl 512]} Kxg4 55. Rxd6 Qh5+ 56. Kg1) 53... f3+ $11 {
The position is equal.} 54. Rxd6 $1 {White threatens Qe5+ and mate.} Qf4+ {
[%mdl 64] Double Attack} 55. Kg1 {Intending Bf6+ and mate.} Qc1+ 56. Kh2 {
[%csl Gd4,Gd6][%cal Rh8f6]} Qf4+ {[%mdl 64] Double Attack} 57. Kg1 {White
wants to mate with Bf6+.} Qc1+ 58. Kh2 {[%csl Gd4,Gd6][%cal Rh8f6]} Qf4+ {
[%mdl 64] Double Attack. Accuracy: White = 78%, Black = 81%.} 1/2-1/2

[Event "Magnus Carlsen Invitational 2020"]
[Site "magnuscarlsen.com"]
[Date "2020.04.21"]
[Round "2.4"]
[White "Vachier-Lagrave, Maxime"]
[Black "Nepomniachtchi, Ian"]
[Result "0-1"]
[WhiteElo "2860"]
[BlackElo "2778"]
[Annotator "TA"]
[PlyCount "150"]
[EventDate "2020.04.18"]
[EventType "tourn"]
[EventCountry "NOR"]
[SourceTitle "playchess.com"]
[Source "ChessBase"]
[SourceQuality "1"]

{[%evp 9,150,26,26,17,20,17,16,5,17,9,20,-18,0,-18,0,0,0,0,0,-18,0,-6,-11,-4,
-6,-17,-9,-22,-10,-22,-12,-8,-15,-23,-15,-25,-13,-26,-25,-54,-62,-53,-31,-38,
-37,-100,-100,-109,-98,-102,-104,-106,-95,-104,-97,-104,-56,-53,-38,-64,0,0,0,
0,0,0,0,0,14,-6,-6,-6,-1,-8,-16,-117,-117,-117,-110,-125,-121,-130,-131,-150,
-150,-152,-188,-182,-155,-171,-171,-170,-163,-156,-164,-162,-164,-164,-162,
-162,-164,-164,-164,-164,-164,-197,-181,-184,-174,-172,-172,-218,-218,-218,
-218,-218,-218,-218,-218,-218,-218,-218,-218,-227,-127,-130,-126,-29977,-29978,
-29978,-29979,-29979,-29980,-29983,-29984,-29985,-29986,-29986,-29987,-29987,
-29988,-29988,-29989]} 1. e4 c5 2. Nf3 d6 3. Bb5+ Nd7 4. c3 Ngf6 5. Bd3 g6 6.
O-O {B51: Sicilian: Moscow Variation (3 Bb5+) without 3...Bd7.} Bg7 7. Re1 O-O
8. Bc2 {The position is equal.} b5 9. d4 Bb7 {[#]} 10. d5 $146 ({Predecessor:} 
10. e5 Nd5 11. e6 fxe6 12. Ng5 Nc7 13. Nxh7 Kxh7 14. Qh5+ Kg8 15. Bxg6 Nf6 16.
Qh4 {1/2-1/2 (53) Perez Ponsa,F (2564)-Sjugirov,S (2662) chess24.com INT 2020})
10... Re8 11. a4 a6 12. Bf4 Nh5 13. Be3 Nb6 14. Nbd2 e6 15. dxe6 Rxe6 16. axb5
axb5 17. Rxa8 Qxa8 18. Bb3 Re7 19. h3 Nd7 20. Bc2 h6 21. Qa1 Re8 22. Qxa8 Rxa8
23. g4 Nhf6 24. Bf4 Ra2 25. Rb1 Ne8 26. Bb3 Ra6 27. c4 (27. g5 $15) 27... b4 $1
$17 28. Ne1 Nc7 29. Be3 Ne6 30. f3 Nd4 31. Bd1 Ra2 32. Nd3 Nc6 33. f4 Nd4 34.
Kf2 Nf6 (34... Bf6 $15) 35. e5 $1 $11 {Bxd4 is the strong threat.} ({Avoid the
trap} 35. Bxd4 $2 Nxe4+ 36. Nxe4 Bxd4+ 37. Ke1 Bxe4 $19) 35... Ne4+ 36. Ke1 $1
dxe5 37. fxe5 Ne6 $36 {[%mdl 2048] Black has the initiative.} 38. Nb3 Bf8 39.
Ra1 Rxa1 40. Nxa1 Ba6 41. Bf3 N6g5 42. Bg2 (42. Bxg5 $11 {keeps the balance.}
Nxg5 43. Bd5) 42... Bxc4 $17 43. Nf4 Ng3 $1 44. Bf2 N5e4 45. Bxg3 Nxg3 46. Kf2
Bg7 $1 47. Kxg3 Bxe5 {Hoping for ...g5.} 48. Kf3 b3 49. Bf1 Bxf1 50. Nxb3 $19 {
[%mdl 4096] Endgame KBB-KNN} Bd6 51. Nd2 Bb5 52. b3 Kg7 53. Ke3 Bc6 54. Nd3 f5
$1 55. gxf5 gxf5 56. Nc4 Be7 57. Nf4 Bg5 58. Ne5 Bb5 $1 59. Nf3 Kf7 60. Ne5+
Kf6 61. Nf3 Bc6 62. Nxg5 hxg5 {KB-KN} ({Weaker is} 62... Kxg5 63. Ne6+ Kh5 64.
Kf4 $11) 63. Nd3 Bg2 64. h4 gxh4 65. Nxc5 Kg5 66. Kf2 Bd5 (66... Bc6 $1 $19 {
White must now prevent ...f4.} 67. Nd3 Be4) 67. b4 $17 {intending b5.} Kg4 {
aiming for ...h3.} 68. Nd3 $2 {[%mdl 8192] [#] This costs White the game.} (68.
Nd7 $17) 68... f4 $1 {Black mates.} 69. Ne5+ Kf5 70. Nd3 Be4 71. Nc5 {[#]} h3
$1 72. Kg1 f3 73. b5 Kf4 74. b6 {[#]} f2+ $1 {[%mdl 576] Deflection, Promotion}
75. Kxf2 h2 {Accuracy: White = 83%, Black = 93%.} 0-1

[Event "Magnus Carlsen Invitational 2020"]
[Site "magnuscarlsen.com"]
[Date "2020.04.21"]
[Round "2.4"]
[White "Caruana, Fabiano"]
[Black "Ding, Liren"]
[Result "1-0"]
[WhiteElo "2773"]
[BlackElo "2836"]
[Annotator "TA"]
[PlyCount "127"]
[EventDate "2020.04.18"]
[EventType "tourn"]
[EventCountry "NOR"]
[SourceTitle "playchess.com"]
[Source "ChessBase"]
[SourceQuality "1"]

{[%evp 9,127,17,16,14,9,8,14,0,0,-39,-4,-5,4,0,0,-9,-8,-39,-14,-12,-13,-12,-12,
-39,-36,-33,-31,-45,-41,-56,-31,-67,-52,-61,-56,-56,-41,-48,0,-21,-10,-10,0,-9,
0,-9,0,0,0,0,0,0,0,0,0,0,7,7,7,7,7,6,9,7,16,9,13,16,31,40,58,43,39,0,0,0,0,0,
21,0,18,-73,-61,-55,-45,-57,-58,-29,-31,-45,1256,1176,1308,1324,1205,1097,925,
989,2157,1465,12837,12837,12840,12840,12841,12841,12841,12842,12842,12843,
12845,12846,12846,12847,12849,12849,12850,12850,12850,12850]} 1. e4 e5 2. Nf3
Nc6 3. Bb5 Nf6 4. d3 Bc5 5. Bxc6 dxc6 6. Nbd2 {C65: Ruy Lopez: Berlin Defence 
(3...Nf6), unusual lines and 4 0-0 Bc5.} (6. Qe2 {keeps more tension.} Nd7 7.
Be3 O-O 8. O-O Re8 9. Nc3) 6... O-O {6...Nd7 is setting a new trend. Played by
Hikaru Nakamura in February 2020.} 7. O-O Re8 8. Kh1 $5 {[%mdl 4] The position
is equal. An interesting side line.} a5 9. Nc4 Nd7 (9... Ng4 $5 {[%cal Rg4f2]}
10. Qe1 b5 $11) 10. a4 b6 11. b3 f6 {[#]} 12. Be3 $5 $146 {[%mdl 8] New and
interesting.} ({Predecessor:} 12. Ng1 Nf8 13. f4 exf4 14. Bxf4 Ng6 15. Bg3 Be6
16. Ne2 Qd7 17. Qd2 Bb4 18. Qc1 {1/2-1/2 (54) Aronian,L (2772)-Karjakin,S 
(2754) Bucharest 2019}) 12... Bb4 13. Nh4 Nf8 14. Nf5 Ne6 15. Qg4 g6 16. Qg3
Bc3 17. Rad1 Kh8 18. Nh6 Qe7 19. Qh4 Rf8 20. h3 Qg7 21. Ng4 {Bh6 is the strong
threat.} g5 22. Qg3 Nf4 23. Bd2 Ne2 24. Qh2 Bd4 25. Nge3 Be6 26. Rde1 Nf4 27.
Qg3 Qg6 28. Qf3 $1 h5 29. Nf5 g4 30. Qg3 Bxf5 31. exf5 Qxf5 {[%cal Rg4h3]} 32.
Re4 $1 {[%cal Rd2f4]} gxh3 33. Bxf4 exf4 34. Qxh3 Qxh3+ 35. gxh3 c5 36. Rxf4
Kh7 37. Kg2 Rae8 38. Kf3 f5 39. Ne3 Bg7 40. Rg1 Bh6 41. Rh4 f4 42. Nd5 {
[%mdl 64] [#] Double Attack} Re5 43. Nxc7 Rf6 44. c3 {Hoping for d4.} Rg6 (
44... Rc6 $5 45. Nb5 $8 Rce6 $16) 45. Rd1 {[#]} (45. d4 $11 {remains equal.}
Rf5 46. Rd1) 45... Rc6 $1 $17 {[%cal Rc6c7]} 46. Nb5 $1 {Black must now
prevent d4.} Kg6 $1 {aiming for ...Rf5.} 47. d4 $1 {[%cal Rd4e5]} cxd4 48. cxd4
Rxb5 {[%mdl 64] Remove Defender} 49. axb5 $15 {[%mdl 4096] Endgame KRR-KRB}
Rc3+ $2 {[%mdl 8192] Black cannot hold the game after this.} (49... Rf6 $15)
50. Ke4 $18 {White is clearly winning.} Bg5 51. Rg1 Kh6 52. Rxf4 Bxf4 53. Kxf4
Rxb3 {KR-KR} 54. d5 a4 55. Rd1 Rb4+ 56. Kf5 Rxb5 57. Ke6 Rb2 58. d6 {White
wants to mate with d7.} Re2+ 59. Kd5 Rxf2 60. d7 Rf8 61. Kc6 Kg5 62. d8=Q+ Rxd8
63. Rxd8 Kh4 64. Rd3 {Accuracy: White = 86%, Black = 78%.} 1-0

[Event "Magnus Carlsen Invitational 2020"]
[Site "magnuscarlsen.com"]
[Date "2020.04.20"]
[Round "2.4"]
[White "Giri, Anish"]
[Black "Nakamura, Hikaru"]
[Result "1/2-1/2"]
[WhiteElo "2731"]
[BlackElo "2829"]
[Annotator "TA"]
[PlyCount "103"]
[EventDate "2020.04.18"]
[EventType "tourn"]
[EventCountry "NOR"]
[SourceTitle "playchess.com"]
[Source "ChessBase"]
[SourceQuality "1"]

{[%evp 12,103,14,8,18,8,11,14,17,19,23,37,35,44,39,12,9,28,25,19,29,0,36,16,35,
10,24,22,25,22,50,43,98,95,93,91,95,95,96,89,96,96,100,100,112,109,102,60,65,
56,57,61,54,64,66,61,76,43,35,42,39,-14,15,-14,-33,-25,0,0,0,0,0,0,0,0,0,0,25,
0,0,0,0,0,0,0,0,0,0,0,0,-12,-12,-12,-12,-12]} 1. e4 e5 2. Nf3 Nc6 3. Bc4 Bc5 4.
c3 Nf6 5. d3 d6 6. O-O h6 7. Re1 O-O {C54: Giuoco Piano: 4 c3 Nf6, main lines
with 5 d4 and 5 d3.} 8. Nbd2 {[%cal Bb1d2,Bd2f1,Bf1g3][%mdl 32]} a5 9. Nf1 Ne7
10. Bb3 Ng6 11. Ng3 {[#]} Re8 $146 ({Predecessor:} 11... c6 12. d4 Bb6 13. h3
Re8 14. Be3 exd4 15. Bxd4 Bc7 16. Qd2 a4 17. Bc2 Ne5 {0-1 (65) Aronian,L (2772)
-Nakamura,H (2741) Kolkata 2019}) 12. h3 Be6 13. Ba4 c6 14. d4 Bb6 15. Bc2 Bc7
16. Bd2 Qe7 (16... a4 $5) 17. a4 Rad8 18. Bd3 Qf8 19. Qc2 Nf4 20. Bf1 Ng6 21.
c4 c5 (21... Nf4 $14) 22. d5 $16 Bd7 23. Qc1 Kh8 24. Ra3 Ra8 25. Bd3 Bd8 26.
Bc2 Nh7 27. Nf5 Ra6 28. g3 Ne7 29. g4 Ng6 30. Kh2 Bf6 31. Rg1 Nf4 32. Bxf4 exf4
33. Qxf4 Ng5 34. Ra2 (34. Kg2 $5 {[%cal Rf5h6]}) 34... g6 35. Ng3 Qe7 36. b3 ({
Better is} 36. Rh1 $14) 36... Kg7 (36... h5 $5) 37. Kg2 h5 38. Rh1 Nxf3 39.
Qxf3 hxg4 40. hxg4 Qe5 41. Bd1 Raa8 42. Re2 Rh8 43. Ree1 Qg5 44. Be2 Be5 {
The position is equal.} 45. Reg1 Rae8 46. Rxh8 Rxh8 47. Rh1 Rxh1 48. Nxh1 f5
49. exf5 gxf5 50. Ng3 {[%cal Rg3f5]} fxg4 51. Qe4 Qg6 52. Bd3 {Accuracy: White
= 82%, Black = 86%.} 1/2-1/2

[Event "Magnus Carlsen Invitational 2020"]
[Site "magnuscarlsen.com"]
[Date "2020.04.20"]
[Round "2.4"]
[White "Firouzja, Alireza"]
[Black "Carlsen, Magnus"]
[Result "1/2-1/2"]
[WhiteElo "2703"]
[BlackElo "2881"]
[Annotator "TA"]
[PlyCount "127"]
[EventDate "2020.04.18"]
[EventType "tourn"]
[EventCountry "NOR"]
[SourceTitle "playchess.com"]
[Source "ChessBase"]
[SourceQuality "1"]

{[%evp 11,127,0,12,0,0,0,7,0,0,0,16,0,0,0,0,0,0,0,0,0,0,0,7,0,0,2,5,0,0,0,0,0,
11,-4,0,0,0,0,0,0,0,0,0,0,0,-25,0,0,15,0,70,0,23,0,0,0,0,0,0,-28,-16,-48,-48,
-62,-16,-1,-1,-4,-9,-8,0,0,0,-24,-24,-58,-61,-81,-71,-79,-81,-83,-85,-106,-79,
-93,-94,-225,-224,-211,0,-10,-15,-29,0,0,0,0,0,0,0,0,0,0,0,0,0,0,0,0,0,0,0,0,0,
0,0,0]} 1. e4 e5 2. Nf3 Nc6 3. Bb5 Nf6 4. d3 Bc5 5. Nc3 d6 6. Bg5 h6 7. Bxf6 {
C48: Four Knights: 4 Bb5, replies other than 4...Bb4.} Qxf6 8. Nd5 Qd8 9. b4
Bb6 {[#]} 10. c3 $146 (10. O-O {is interesting.} O-O 11. a4 a6 12. Bc4 Ba7 13.
c3) ({Predecessor:} 10. a4 a6 11. Bxc6+ bxc6 12. Nc3 O-O 13. h3 f5 14. Qe2 Bd7
15. a5 Ba7 16. Na2 {0-1 (27) Castellanos,C (1617)-Ramirez,J (2056) Bogota 2014}
) 10... a6 11. Nxb6 (11. Bc4 {feels hotter.} Ne7 12. Nxb6 cxb6 13. a4 Ng6 14.
O-O) 11... cxb6 12. Bc4 b5 13. Bb3 O-O 14. O-O Qf6 15. Re1 Be6 16. a4 Rac8 17.
axb5 axb5 18. Bxe6 Qxe6 19. Qe2 Rfd8 20. h3 d5 21. exd5 Rxd5 22. Rad1 Rcd8 23.
Rd2 Qd6 24. Red1 Qg6 25. Ne1 Kh7 26. Nc2 R8d7 27. Ne3 R5d6 28. Nf1 Rd5 29. Qf3
Nd8 30. h4 h5 (30... Ne6 $11) 31. Ng3 ({Better is} 31. d4 $14) 31... Qg4 32.
Nxh5 Qxf3 33. gxf3 Ne6 (33... Kg6 $5 34. Ng3 $8 Ne6 $11) 34. Ng3 Nf4 {[%cal
Rf4d3]} 35. Ne4 b6 {[%cal Rf4d3]} 36. c4 Rd4 37. c5 Rxb4 {aiming for ...bxc5.}
38. cxb6 Rb7 39. Nd6 Rxb6 40. Nxf7 Ng6 41. h5 Rf4 42. Ng5+ Kh6 {[%mdl 64]
White must now prevent ...Nh4. Double Attack} 43. Ne4 Nh4 44. Kf1 Nxf3 45. Rc2
Kxh5 46. Rc8 b4 {[%cal Bb5b4,Bb4b3,Bb3b2][%mdl 32]} 47. Ke2 b3 48. Rb1 b2 49.
Rc5 {[#]} (49. Ra8 $17 {keeps fighting.}) 49... Nd4+ $1 $19 50. Kf1 Nf3 $2 ({
Black should try} 50... Kg6 $19 {And now ...Rf8 would win.} 51. Ra5 Rh4) 51.
Rc2 Rb3 52. Nc5 Nd4 {Hoping for ...Rh4.} (52... Rg4 {looks sharper.} 53. Nxb3
Rg1+ 54. Ke2 Nd4+ 55. Nxd4 Rxb1 56. Nf3 Re1+) 53. Nxb3 {The position is equal.}
Nxc2 54. Rxb2 $11 {[%mdl 4096] Endgame KRN-KRN} Ne3+ 55. Ke2 Rxf2+ {[%mdl 64]
Decoy} 56. Kxf2 Nd1+ {[%mdl 64] Double Attack} 57. Kf3 Nxb2 {KN-KN} 58. Ke4 g5
59. d4 exd4 60. Nxd4 g4 {[#]} 61. Nf3 $1 {[%mdl 512]} g3 {With the idea ...Kg4.
} (61... gxf3 62. Kxf3) 62. Kf4 g2 63. Kg3 Nd3 64. Kxg2 {Accuracy: White = 85%,
Black = 88%.} 1/2-1/2